• 首页
  • 本馆介绍
  • 公告通知
  • 最新文献
  • 馆藏检索
  • 电子资源
  • 读者导购
  • 参考咨询
  • 我的图书馆
  • 登录
  • 详细信息显示
  • 放入我的书架
  • 预约/预借图书
  • 作者相关作品
  • 分类相关作品
  • 丛书相关作品
  • 出版社相关作品

书目信息

  • 表格格式
  • 工作单格式
  • 卡片格式
题名:
动物的飞行
    
 
作者: 格拉德柯夫 , ГЛадков 撰 ;王汶 译
分册:  
出版信息: 北京   中国青年出版社  1953
页数: 84页
开本: 18cm
丛书名: 苏联青年科学丛书
单 册:
中图分类: Q44
科图分类:
主题词: 动物--飞翔
电子资源:
ISBN:
000 00860cam2 2200289 450
001 0105689976
005 20071205092526.0
010    @dCNY0.28
091    @d28,000元(旧币)
100    @a19970228d1953 em y0chiy0110 ea
101 1  @achi@crus
102    @aCN@b110000
105    @ay z 000yy
106    @ar
200 1  @a动物的飞行@9Dong Wu De;Di Fei Xing;Hang;Heng @f(苏)格拉德阔夫(Н.А.ГЛадков)撰@g王汶译@b专著
210    @a北京@c中国青年出版社@d1953
215    @a84页@d18cm
225 2  @a苏联青年科学丛书
304    @a著者通译:Н.А.格拉德柯夫
410  0 @12001 @a苏联青年科学丛书
606 0  @a动物@x飞翔
690    @aQ44@v3
701  1 @a格拉德柯夫@9ge la de ke fu@bН.А.@4撰
701  1 @aГЛадков@bН.А.@4撰
702  0 @a王汶@c(女,@f1922.10~2010)@9wang wen@4译
801  0 @aCN@bAiZhiMarc
905    @aBZT@dQ44@e2@f1@sQ44/2
    
    动物的飞行/(苏)格拉德阔夫(Н.А.ГЛадков)撰/王汶译.-北京:中国青年出版社,1953
    84页;18cm.-(苏联青年科学丛书)
    
    
    ISBN :CNY0.28
    
●
相关链接 在五车中查询图书 在当当中查询图书 在豆瓣中查询图书


正题名:动物的飞行     索取号:Q44/2         预约/预借

序号 登录号 条形码 馆藏地/架位号 状态 备注
1 2000133825   2000133825   旧书回溯/ [索取号:Q44/2] 在馆    
山东省滨州职业学院图书馆 欢迎您!
大连网信软件有限公司© 版权所有